000 00306nam a2200109 4500
999 _c196754
_d196754
008 230725b ||||| |||| 00| 0 eng d
022 _a2456-5474
245 _aInnovation:
_bthe research concept
260 _aKanpur
_bSocial Research Foundation
_cJan,2023
300 _avol.
_c25cm
942 _2ddc
_cSR
_mINN
_s1